| 000 | 01100cam a2200337 i 4500 | ||
|---|---|---|---|
| 001 | 005183243 | ||
| 003 | YEEZEN | ||
| 005 | 20260107140039.0 | ||
| 008 | 250414s2024 ch ad e 000 0 chi d | ||
| 020 |
_a9786267488201 _q(平裝) : _cNT$520 |
||
| 040 |
_amcutl _bchi _cmcutl _dmcutl _eccr |
||
| 041 | 0 | _achi | |
| 042 | _anbic | ||
| 084 |
_a312.49E9 _2ncsclt |
||
| 090 | _a312.49E9 | ||
| 100 | 1 | _a吳承穎 | |
| 245 | 1 | 0 |
_aChatGPT X Excel自動化工作聖經 : _bAI生成公式、數據詮釋、統計報表 / _c吳承穎(樂咖老師)作 |
| 246 | 3 | _aAI生成公式數據詮釋統計報表 | |
| 246 | 3 | 0 | _aAI生成公式、數據詮釋、統計報表 |
| 250 | _a初版 | ||
| 260 |
_a臺北市 : _b創意市集, 城邦文化出版 : _b家庭傳媒城邦分公司發行, _c2024.08 |
||
| 300 |
_a[344]面 : _b彩圖, 表格 ; _c23公分 |
||
| 490 | 1 |
_aBizPro ; _v2AB548. |
|
| 503 | _a2024年4刷 | ||
| 650 | 7 |
_aEXCEL(電腦程式) _2lcstt. |
|
| 650 | 7 |
_a人工智慧 _2lcstt. |
|
| 650 | 7 |
_a統計分析 _2lcstt. |
|
| 700 | 0 | _a樂咖老師 | |
| 830 | 0 |
_aBizPro ; _v2AB548. |
|
| 942 |
_2ccl _cBOOK |
||
| 999 |
_c7680 _d7680 |
||